| 000 | 00601nam a22002057a 4500 | ||
|---|---|---|---|
| 003 | DO-SdBNP | ||
| 005 | 20220926150322.0 | ||
| 007 | ta | ||
| 008 | 110713s1925 dr r 000 p spa d | ||
| 040 |
_aDO-SdBNP _bspa _cBNPHU |
||
| 082 |
_axxxx _bM843d |
||
| 100 | 1 |
_aMoreno Jimenes, Domingo, _d1894-1986 _919534 |
|
| 245 | 1 | 0 |
_aDiario de la aldea / _cMoreno Jimenes. |
| 260 |
_aSanto Domingo : _bColina Sacra, _c1925. |
||
| 300 |
_a[24] p. ; _c16 cm. |
||
| 500 | _aautografiado por el autor para Francisco Prats RamÃrez | ||
| 590 | _aInventariado, 2022/ YL | ||
| 910 | _aYLockward | ||
| 942 |
_2ddc _cLF2 |
||
| 999 |
_c52473 _d52473 |
||